000 01060nam a22002417a 4500
003 OSt
005 20250911180016.0
008 240208b ||||| |||| 00| 0 eng d
040 _c0
082 _aDPer 621.381 In821 April 2022 v. 37 n. 4
100 _aLi, Binxing.
_eauthor.
_952015
245 _aCrosstalk suppression method for GaN-based bridge configuration using negative voltage self-recovery gate drive /
_cBinxing Li, Guoqiang Zhang, Chengrui Li, Gaolin Wang, Shaobo Liu, and Dianguo Xu.
260 _aNew York ;
_bThe Institute of Electrical and Electronics Engineers, Inc. ,
_cApril 2022.
300 _aVolume 37, pages 4406-4418 :
_billustration ;
_c28 cm.
500 _aIEEE Transaction on Power Electronics, vol. 37, no. 4, pages 4406-4418, April 2022.
700 _aLi, Binxing.
_eauthor.
_952015
700 _aZhang, Guoqiang.
_eauthor.
_952016
700 _aLi, Chengrui.
_eauthor.
_952017
700 _aWang, Gaolin.
_eauthor.
_952018
700 _aLiu, Shaobo.
_eauthor.
_952019
700 _aXu, Dianguo.
_eauthor.
_952020
942 _2ddc
_cPER
999 _c19036
_d19036